|
|
|
|
| LEADER |
01397nam a22002771a 4500 |
| 001 |
c000117588 |
| 003 |
CARM |
| 005 |
20000418124753.0 |
| 008 |
800915s1946 enk 000 0aeng |
| 010 |
|
|
|a a 47001156 //r967
|
| 019 |
1 |
|
|a 2007905
|5 LACONCORD2021
|
| 035 |
|
|
|a (OCoLC)2148934
|5 LACONCORD2021
|
| 040 |
|
|
|a LC
|b eng
|c LC
|d LC
|
| 050 |
1 |
0 |
|a PG3476
|b .T67
|
| 082 |
0 |
0 |
|a 891.73/42
|2 19
|
| 100 |
1 |
|
|a Trenev, Konstantin,
|d 1876-1945.
|
| 245 |
0 |
0 |
|a In a Cossack village, and other stories,
|c by Konstantin Trenev. Translated by J. Atkinson.
|
| 260 |
|
|
|a London,
|a New York [etc.]
|b Hutchinson international authors, limited,
|c 1946.
|
| 300 |
|
|
|a 335 p.
|c 19 cm.
|
| 505 |
0 |
|
|a Author's preface.--Damp dell.--Samson Glechik.--The fair.--In a Cossack village.--The lost spring.--In quiet waters.--Hired labourers.--Lost in the snow.--Omelko.--Six weeks.--Ganna.--The saints of Edessa.--The elections.--Misha.--Pyatkin's misadventure.--"Anton Chekhov lived here."--Lyubov Yarovaya--play in five acts.
|
| 600 |
1 |
0 |
|a Trenev, Konstantin,
|d 1876-1945
|x Translations into English.
|
| 651 |
|
0 |
|a Russia
|x Social life and customs
|x Fiction.
|
| 700 |
1 |
|
|a Atkinson, J,
|e tr.
|
| 852 |
8 |
|
|b CARM
|h A2:AH18A0
|i B03910
|p 0187799
|f BK
|
| 999 |
f |
f |
|i e0bb4f8f-9022-5366-863f-7caf3f29a57a
|s 51d6f2c3-e9d9-579e-b057-fcd4e9757e5b
|
| 952 |
f |
f |
|p Can circulate
|a CAVAL
|b CAVAL
|c CAVAL
|d CARM 1 Store
|e B03910
|f A2:AH18A0
|h Other scheme
|i book
|m 0187799
|